Corporate social performance of selected public sectors in India: A case study (Record no. 90260)

000 -LEADER
fixed length control field 00560pab a2200193 454500
008 - FIXED-LENGTH DATA ELEMENTS--GENERAL INFORMATION
fixed length control field 180718b2010 xxu||||| |||| 00| 0 eng d
100 ## - MAIN ENTRY--PERSONAL NAME
Personal name Sarkar, Chitta Ranjan
245 ## - TITLE STATEMENT
Title Corporate social performance of selected public sectors in India: A case study
260 ## - PUBLICATION, DISTRIBUTION, ETC.
Date of publication, distribution, etc. 2010
300 ## - PHYSICAL DESCRIPTION
Extent p.80-104.
362 ## - DATES OF PUBLICATION AND/OR SEQUENTIAL DESIGNATION
Dates of publication and/or sequential designation Jul-Dec
650 ## - SUBJECT ADDED ENTRY--TOPICAL TERM
Topical term or geographic name entry element Public sector - Case studies
650 ## - SUBJECT ADDED ENTRY--TOPICAL TERM
Topical term or geographic name entry element Public sector - India
650 ## - SUBJECT ADDED ENTRY--TOPICAL TERM
Topical term or geographic name entry element Public sector
700 ## - ADDED ENTRY--PERSONAL NAME
Personal name Nandi, Kartik Chandra
773 ## - HOST ITEM ENTRY
Main entry heading Journal of Institute of Public Enterprise
908 ## - PUT COMMAND PARAMETER (RLIN)
Put command parameter N
909 ## -
-- 90260
Holdings
Withdrawn status Lost status Damaged status Not for loan Permanent Location Current Location Date acquired Serial Enumeration / chronology Barcode Date last seen Price effective from Koha item type
        Indian Institute of Public Administration Indian Institute of Public Administration 2018-07-19 Volume no: 33, Issue no: 3-4 AR90720 2018-07-19 2018-07-19 Articles

Powered by Koha